000 00405nam a22001697a 4500
005 20160615092944.0
008 160615b xxu||||| |||| 00| 0 eng d
020 _a81-2072-654-5
041 _aeng
082 _b7624
100 _aJohari, J.C.
_91941
245 _aThe Constitution of India ( A rolitico-legal study)
260 _bSterling
300 _a578
650 _aManagement
_9241
942 _cBK
999 _c2723
_d2722